000 00323 a2200157 4500
001 56731
020 _a8532248780
040 _cAnchieta - Pituba
100 _aKupstas, Marcia
240 1 0 _aSangue veloz
_lpor
245 1 0 _aSangue veloz
300 _a56
362 0 _a2002
650 4 _aLiteratura juvenil
942 _cBK
999 _c56731
_d56731